01618nam a2200397Ia 4500001001200000003000800012006001900020007001500039008004100054010001700095020001800112020001800130020001800148040002100166035002100187050002400208100002300232245010500255246005100360246003600411260005800447300001700505490005200522504005100574533015200625610003000777650004100807650002900848650002700877650003700904655002900941710001700970710005800987830004901045856012601094ebr10622883CaPaEBRm u cr cn|||||||||100921s2010 cau sb 001 0 eng d z 2010293397 z9780817910044 z9780817910051 z9780817910037 aCaPaEBRcCaPaEBR a(OCoLC)77609986414aJZ6374b.S64 2010eb1 aSofaer, Abraham D.14aThe best defense?h[electronic resource] :blegitimacy and preventive force /cby Abraham D. Sofaer.1 iSpine subtitle:aLegitimacy & preventive force30aLegitimacy and preventive force aStanford, Calif. :bHoover Institution Press,cc2010. axiii, 214 p.1 aHoover Institution Press publication ;vno. 576 aIncludes bibliographical references and index. aElectronic reproduction.bPalo Alto, Calif. :cebrary,d2011.nAvailable via World Wide Web.nAccess may be limited to ebrary affiliated libraries.20aUnited Nations.tCharter. 0aPreemptive attack (Military science) 0aSecurity, International. 0aTerrorismxPrevention. 0aIntervention (International law) 7aElectronic books.2local2 aebrary, Inc.2 aStanford University.bTask Force on Preventive Force. 0aHoover Institution Press publication ;v576.40uhttp://site.ebrary.com/lib/rucke/Doc?id=10622883zAn electronic book accessible through the World Wide Web; click to view